000
00274nam a2200109Ia 4500
001
1264708
005
20260417141947.0
008
260417s9999 xx 000 0 und d
020
_a
9786051859187
245
0
_a
Yağmurda
_c
Adnan Özyalçıner
260
_b
Everest Yayınları
999
_c
1264708
_d
1264708